00498nam a2200145 a 4500008004100000020001500041041000800056100002000064245004800084250001100132260005900143300001100202500010900213653003000322110902s1984 ag a f |||| 001 0 spa d a9500619652 aspa1 aSmith, James L. aFisiología circulatoria /cJames L. Smith a2a ed. aBuenos Aires:bEditorial Médica Panamericana;c1984. a220 p. aSmith, J. L. (1984). Fisiología circulatoria. (2a ed.) Buenos Aires: Editorial Médica Panamericana. aFisiología circulatoria